| 000 | 00562nam a2200193 a 4500 | ||
|---|---|---|---|
| 005 | 20240501063701.0 | ||
| 008 | 991125s1972 bar 000 0 fre u | ||
| 035 | _aUPN01000052526 | ||
| 049 | _aCG | ||
| 050 | 4 |
_aPQ2623 A52 _bR88 |
|
| 100 | 1 |
_aLange, Monique, _d1926- |
|
| 245 | 1 | 0 |
_aRue d'aboukir / _cMonique Lange ; tr. Ana Inés Bonnin |
| 260 |
_aBarcelona (Esp.) : _bSeix Barral, _c1972 |
||
| 300 | _a159 p | ||
| 440 | 0 |
_aBiblioteca breve de bolsillo440Libros de enlace; _v114 |
|
| 650 | 4 |
_aNovela francesa _98238 |
|
| 904 |
_aAC _b052528 |
||
| 905 | _aLibro | ||
| 999 |
_c52526 _d52526 |
||